| 000 | 00925nam a22002897i 4500 | ||
|---|---|---|---|
| 003 | EG-ScBUE | ||
| 005 | 20221219111604.0 | ||
| 008 | 100329t2010 enka f b 000 0 eng d | ||
| 020 | _a9782940411108 (pbk.) : | ||
| 040 |
_aEG-ScBUE _beng _erda _cEG-ScBUE _dEG-ScBUE |
||
| 082 | 0 | 4 |
_222 _a729 _bBRO |
| 100 | 1 |
_aBrooker, Graeme, _eauthor. _913272 |
|
| 245 | 1 | 0 |
_aElements and objects / _cGraeme Brooker, Sally Stone. |
| 264 | 1 |
_aLondon : _bAVA Academia, _c[2010] |
|
| 264 | 4 | _cc2010 | |
| 300 |
_a183 pages : _bcolor illustrations ; _c23 cm. |
||
| 336 |
_2rdacontent _atext _btxt |
||
| 337 |
_2rdamedia _aunmediated _bn |
||
| 338 |
_2rdacarrier _avolume _bnc |
||
| 490 | 0 |
_aBasics interior architecture ; _v4 |
|
| 504 | _aIncludes bibliographical references. | ||
| 650 | 7 |
_aInterior architecture. _2BUEsh _913273 |
|
| 653 | _bENGARC | ||
| 655 | _vReading book | ||
| 700 | 1 |
_aStone, Sally, _eauthor. _913274 |
|
| 942 |
_2ddc _cBB |
||
| 999 |
_c13820 _d13820 |
||